[Event "MP do lat 18 - dziewczeta"]
[Site "Sypniewo"]
[Date "2022.03.19"]
[Round "1.1"]
[White "Lochina, Justyna"]
[Black "Wikar, Martyna"]
[Result "0-1"]
[BlackElo "2160"]
[WhiteElo "1646"]
[LiveChessVersion "1.4.8"]

1. e4 {[%clk 1:30:57]} c5 {[%clk 1:30:54]} 2. Nf3 {[%clk 1:31:18]} Nc6
{[%clk 1:31:21]} 3. d4 {[%clk 1:31:32]} cxd4 {[%clk 1:31:46]} 4. Nxd4
{[%clk 1:31:52]} e5 {[%clk 1:32:12]} 5. Nb5 {[%clk 1:31:37]} d6 {[%clk 1:32:35]}
6. N1c3 {[%clk 1:30:33]} a6 {[%clk 1:32:51]} 7. Na3 {[%clk 1:30:47]} Be6
{[%clk 1:33:08]} 8. Nc4 {[%clk 1:29:31]} Rb8 {[%clk 1:33:31]} 9. Ne3
{[%clk 1:26:29]} Nf6 {[%clk 1:33:12]} 10. g3 {[%clk 1:22:23]} h5 {[%clk 1:31:35]}
11. Bg2 {[%clk 1:17:34]} h4 {[%clk 1:30:29]} 12. Ned5 {[%clk 1:14:09]} h3
{[%clk 1:22:01]} 13. Bf3 {[%clk 1:09:27]} Nd4 {[%clk 1:15:48]} 14. Be3
{[%clk 0:58:27]} Nxf3+ {[%clk 1:12:45]} 15. Qxf3 {[%clk 0:58:45]} Nxd5
{[%clk 1:11:52]} 16. Nxd5 {[%clk 0:52:07]} Bxd5 {[%clk 1:08:11]} 17. exd5
{[%clk 0:52:30]} g6 {[%clk 1:07:26]} 18. O-O {[%clk 0:43:36]} Bg7
{[%clk 1:06:08]} 19. c4 {[%clk 0:32:34]} f5 {[%clk 1:00:42]} 20. Rac1
{[%clk 0:27:28]} O-O {[%clk 0:56:32]} 21. Qe2 {[%clk 0:24:26]} b6
{[%clk 0:44:43]} 22. b4 {[%clk 0:22:19]} Rc8 {[%clk 0:41:35]} 23. Rfd1
{[%clk 0:19:12]} f4 {[%clk 0:36:33]} 24. Bd2 {[%clk 0:17:47]} Qd7
{[%clk 0:36:20]} 25. Qe4 {[%clk 0:14:20]} Rf5 {[%clk 0:34:59]} 26. g4
{[%clk 0:10:21]} Rf6 {[%clk 0:29:13]} 27. f3 {[%clk 0:10:12]} Qa4
{[%clk 0:28:50]} 28. Rc2 {[%clk 0:06:14]} Kh7 {[%clk 0:25:04]} 29. Rdc1
{[%clk 0:06:04]} Qa3 {[%clk 0:21:10]} 30. Rb1 {[%clk 0:03:24]} Rf7
{[%clk 0:19:34]} 31. Be1 {[%clk 0:02:00]} a5 {[%clk 0:15:32]} 32. bxa5
{[%clk 0:00:46]} bxa5 {[%clk 0:13:15]} 33. Rb5 {[%clk 0:00:47]} Ra7
{[%clk 0:11:30]} 34. Bf2 {[%clk 0:00:50]} Raa8 {[%clk 0:11:48]} 35. c5
{[%clk 0:00:40]} Rab8 {[%clk 0:12:10]} 36. Rxb8 {[%clk 0:00:33]} Rxb8
{[%clk 0:12:39]} 37. c6 {[%clk 0:00:37]} Rb4 {[%clk 0:11:25]} 38. Qe2
{[%clk 0:00:37]} e4 {[%clk 0:08:29]} 39. fxe4 {[%clk 0:00:36]} Rb1+
{[%clk 0:08:04]} 40. Be1 {[%clk 0:30:41]} Bd4+ {[%clk 0:36:00]} 41. Kf1
{[%clk 0:21:48]} f3 {[%clk 0:34:47]} 42. Qc4 {[%clk 0:07:08]} Qe3
{[%clk 0:34:45]} 0-1

[Event "MP do lat 18 - dziewczeta"]
[Site "Sypniewo"]
[Date "2022.03.19"]
[Round "1.2"]
[White "Goraj, Barbara"]
[Black "Zniszczol, Wiktoria"]
[Result "1-0"]
[BlackElo "1613"]
[WhiteElo "2078"]
[LiveChessVersion "1.4.8"]

1. Nf3 {[%clk 1:30:56]} c5 {[%clk 1:30:39]} 2. c4 {[%clk 1:30:53]} e6
{[%clk 1:28:53]} 3. Nc3 {[%clk 1:28:55]} a6 {[%clk 1:28:54]} 4. g3
{[%clk 1:26:36]} d6 {[%clk 1:24:14]} 5. Bg2 {[%clk 1:25:53]} Qc7 {[%clk 1:18:51]}
6. O-O {[%clk 1:24:48]} Nf6 {[%clk 1:19:06]} 7. b3 {[%clk 1:23:07]} Be7
{[%clk 1:09:21]} 8. Bb2 {[%clk 1:20:28]} O-O {[%clk 1:08:33]} 9. Rc1
{[%clk 1:19:31]} b6 {[%clk 0:58:24]} 10. d4 {[%clk 1:14:17]} cxd4
{[%clk 0:57:33]} 11. Nxd4 {[%clk 1:13:27]} Bb7 {[%clk 0:56:19]} 12. e4
{[%clk 1:12:18]} Nc6 {[%clk 0:47:31]} 13. Nd5 {[%clk 1:05:26]} Qd8
{[%clk 0:41:49]} 14. Nxe7+ {[%clk 0:50:18]} Qxe7 {[%clk 0:32:57]} 15. Qd2
{[%clk 0:45:33]} Rab8 {[%clk 0:12:59]} 16. Nxc6 {[%clk 0:38:29]} Bxc6
{[%clk 0:13:06]} 17. e5 {[%clk 0:36:46]} Bxg2 {[%clk 0:12:57]} 18. exf6
{[%clk 0:34:25]} Qb7 {[%clk 0:06:21]} 19. Qg5 {[%clk 0:34:37]} 1-0

[Event "MP do lat 18 - dziewczeta"]
[Site "Sypniewo"]
[Date "2022.03.19"]
[Round "1.3"]
[White "Kaznowska, Weronika"]
[Black "Dylag, Emilia"]
[Result "0-1"]
[BlackElo "2003"]
[WhiteElo "1604"]
[LiveChessVersion "1.4.8"]

1. d4 {[%clk 1:30:56]} d5 {[%clk 1:30:48]} 2. Nf3 {[%clk 1:30:59]} e6
{[%clk 1:30:44]} 3. Bf4 {[%clk 1:30:49]} Nf6 {[%clk 1:30:22]} 4. e3
{[%clk 1:30:33]} c5 {[%clk 1:29:46]} 5. c4 {[%clk 1:30:17]} cxd4 {[%clk 1:24:09]}
6. exd4 {[%clk 1:27:48]} Bb4+ {[%clk 1:20:23]} 7. Nbd2 {[%clk 1:16:04]} O-O
{[%clk 1:15:53]} 8. Be2 {[%clk 1:13:09]} dxc4 {[%clk 1:14:10]} 9. Bxc4
{[%clk 1:11:30]} Nc6 {[%clk 1:13:03]} 10. Be3 {[%clk 1:09:13]} b6
{[%clk 1:07:32]} 11. O-O {[%clk 1:07:00]} Bb7 {[%clk 1:05:37]} 12. a3
{[%clk 1:03:15]} Bxd2 {[%clk 0:59:37]} 13. Qxd2 {[%clk 1:01:53]} Na5
{[%clk 0:59:35]} 14. Ba2 {[%clk 1:02:05]} Bxf3 {[%clk 0:58:28]} 15. gxf3
{[%clk 1:02:29]} Nd5 {[%clk 0:55:59]} 16. Qe2 {[%clk 0:54:35]} Qd6
{[%clk 0:47:09]} 17. Rac1 {[%clk 0:48:46]} f5 {[%clk 0:40:41]} 18. Rfe1
{[%clk 0:37:48]} Nc6 {[%clk 0:31:52]} 19. Qb5 {[%clk 0:33:07]} Rac8
{[%clk 0:29:52]} 20. Bxd5 {[%clk 0:28:27]} Qxd5 {[%clk 0:25:11]} 21. Qxd5
{[%clk 0:28:26]} exd5 {[%clk 0:25:36]} 22. f4 {[%clk 0:26:19]} Kf7
{[%clk 0:20:58]} 23. Rc3 {[%clk 0:22:29]} Ne7 {[%clk 0:17:11]} 24. Rec1
{[%clk 0:18:43]} Rxc3 {[%clk 0:16:48]} 25. Rxc3 {[%clk 0:19:07]} Rc8
{[%clk 0:17:10]} 26. Rxc8 {[%clk 0:18:55]} Nxc8 {[%clk 0:17:35]} 27. f3
{[%clk 0:17:55]} Nd6 {[%clk 0:15:46]} 28. b3 {[%clk 0:17:23]} Nb7
{[%clk 0:13:05]} 29. Bd2 {[%clk 0:16:29]} Nd8 {[%clk 0:10:10]} 30. Kf2
{[%clk 0:15:09]} h6 {[%clk 0:05:28]} 31. h4 {[%clk 0:13:50]} Ne6 {[%clk 0:04:40]}
32. Ke3 {[%clk 0:13:52]} a5 {[%clk 0:02:15]} 33. Be1 {[%clk 0:13:09]} Kg6 34. Bf2
{[%clk 0:12:18]} Kh5 {[%clk 0:01:52]} 35. Bg3 {[%clk 0:12:32]} Nf8
{[%clk 0:01:52]} 36. Be1 {[%clk 0:11:27]} Ng6 {[%clk 0:01:45]} 37. a4
{[%clk 0:11:25]} Nxh4 {[%clk 0:00:59]} 38. Kf2 {[%clk 0:11:46]} Ng6
{[%clk 0:01:14]} 39. Kg3 {[%clk 0:12:09]} Ne7 {[%clk 0:00:59]} 40. b4
{[%clk 0:42:10]} axb4 {[%clk 0:30:53]} 41. Bxb4 {[%clk 0:42:56]} Nc6
{[%clk 0:30:03]} 42. Bc3 Kg6 {[%clk 0:29:20]} 43. Kh3 {[%clk 0:42:45]} Kf6
{[%clk 0:29:20]} 44. Kh4 {[%clk 0:42:18]} g6 {[%clk 0:28:47]} 45. Bb2 Ke6 46. Bc3
{[%clk 0:38:27]} Kd7 {[%clk 0:15:55]} 47. Kg3 {[%clk 0:38:05]} Kc7
{[%clk 0:15:24]} 48. Kf2 {[%clk 0:37:43]} Kb7 {[%clk 0:15:33]} 49. Ke3
{[%clk 0:37:59]} Ka6 {[%clk 0:15:10]} 50. Be1 {[%clk 0:37:21]} Nd8
{[%clk 0:14:55]} 51. Bh4 {[%clk 0:35:41]} Ne6 {[%clk 0:15:16]} 52. Be1
{[%clk 0:36:05]} h5 {[%clk 0:12:52]} 53. Bb4 {[%clk 0:34:45]} h4 {[%clk 0:12:27]}
54. Bc3 {[%clk 0:35:06]} h3 {[%clk 0:12:29]} 55. Kf2 {[%clk 0:35:31]} Nxf4
{[%clk 0:12:33]} 56. Bd2 {[%clk 0:35:35]} h2 {[%clk 0:12:53]} 0-1

[Event "MP do lat 18 - dziewczeta"]
[Site "Sypniewo"]
[Date "2022.03.19"]
[Round "1.4"]
[White "Czarnecka, Lidia"]
[Black "Libura, Julianna"]
[Result "1/2-1/2"]
[BlackElo "1590"]
[WhiteElo "1978"]
[LiveChessVersion "1.4.8"]

1. e4 {[%clk 1:30:56]} c5 {[%clk 1:30:51]} 2. Nf3 {[%clk 1:30:28]} e6
{[%clk 1:30:44]} 3. d4 {[%clk 1:30:09]} cxd4 {[%clk 1:30:49]} 4. Nxd4
{[%clk 1:30:29]} Bc5 {[%clk 1:30:06]} 5. Be3 {[%clk 1:17:00]} Qb6
{[%clk 1:29:54]} 6. Na3 {[%clk 1:17:22]} a6 {[%clk 1:13:47]} 7. Nc4
{[%clk 1:10:07]} Qc7 {[%clk 1:10:16]} 8. Qg4 {[%clk 1:06:29]} Kf8
{[%clk 1:01:43]} 9. Qg3 {[%clk 0:57:28]} d6 {[%clk 0:45:05]} 10. Nb3
{[%clk 0:48:07]} Bxe3 {[%clk 0:37:17]} 11. fxe3 {[%clk 0:34:00]} Nc6
{[%clk 0:33:58]} 12. Qxd6+ {[%clk 0:33:29]} Qxd6 {[%clk 0:34:08]} 13. Nxd6
{[%clk 0:33:56]} Ke7 {[%clk 0:32:43]} 14. Nc4 {[%clk 0:26:34]} b5
{[%clk 0:26:37]} 15. Nca5 {[%clk 0:26:52]} Bd7 {[%clk 0:22:31]} 16. Bd3
{[%clk 0:26:05]} Nf6 {[%clk 0:22:27]} 17. Ke2 {[%clk 0:23:45]} Nxa5
{[%clk 0:17:18]} 18. Nxa5 {[%clk 0:24:09]} Rac8 {[%clk 0:17:40]} 19. c3
{[%clk 0:21:49]} Rc7 {[%clk 0:17:23]} 20. h3 {[%clk 0:17:12]} Rb8
{[%clk 0:15:17]} 21. Rac1 {[%clk 0:14:09]} Bc6 {[%clk 0:14:25]} 22. Nxc6+
{[%clk 0:14:21]} Rxc6 {[%clk 0:14:54]} 23. Rhd1 {[%clk 0:13:52]} Nd7
{[%clk 0:13:43]} 24. Bb1 {[%clk 0:11:10]} Ne5 {[%clk 0:12:22]} 25. Rd4
{[%clk 0:10:21]} b4 {[%clk 0:07:33]} 26. c4 {[%clk 0:08:44]} Rc5 {[%clk 0:04:22]}
27. b3 {[%clk 0:08:49]} Rbc8 {[%clk 0:04:28]} 28. Rcd1 {[%clk 0:09:07]} a5
{[%clk 0:03:58]} 29. R1d2 {[%clk 0:08:01]} R8c7 {[%clk 0:03:35]} 30. Bc2
{[%clk 0:06:28]} a4 {[%clk 0:03:07]} 31. Bd1 {[%clk 0:06:43]} a3 {[%clk 0:02:44]}
32. Kf2 {[%clk 0:05:36]} Rc8 {[%clk 0:02:09]} 33. Bf3 {[%clk 0:05:04]} R8c7
{[%clk 0:02:18]} 34. Rd1 {[%clk 0:04:04]} Rc8 {[%clk 0:02:34]} 35. Be2
{[%clk 0:03:02]} R8c7 {[%clk 0:02:52]} 36. g4 {[%clk 0:03:09]} Rc8
{[%clk 0:02:32]} 37. Kg3 {[%clk 0:03:26]} R8c7 {[%clk 0:02:14]} 38. Rf1
{[%clk 0:02:41]} Nc6 {[%clk 0:01:43]} 39. Rd2 {[%clk 0:02:53]} f6
{[%clk 0:01:30]} 40. Rfd1 {[%clk 0:31:49]} Ne5 {[%clk 0:31:01]} 41. h4
{[%clk 0:27:32]} Nf7 {[%clk 0:27:28]} 42. Bf3 {[%clk 0:26:47]} h6
{[%clk 0:26:13]} 43. Kf4 {[%clk 0:23:35]} Ra7 {[%clk 0:26:05]} 1/2-1/2

[Event "MP do lat 18 - dziewczeta"]
[Site "Sypniewo"]
[Date "2022.03.19"]
[Round "1.5"]
[White "Kudlak, Julia"]
[Black "Hertlein, Irena"]
[Result "1-0"]
[BlackElo "1925"]
[WhiteElo "1579"]
[LiveChessVersion "1.4.8"]

1. e4 {[%clk 1:30:36]} c5 {[%clk 1:30:54]} 2. Nf3 {[%clk 1:30:32]} e6
{[%clk 1:31:14]} 3. d4 {[%clk 1:28:58]} cxd4 {[%clk 1:31:16]} 4. Nxd4
{[%clk 1:29:19]} Nc6 {[%clk 1:31:31]} 5. Nc3 {[%clk 1:28:05]} Qc7
{[%clk 1:30:48]} 6. Be2 {[%clk 1:27:35]} a6 {[%clk 1:30:41]} 7. O-O
{[%clk 1:25:20]} Nf6 {[%clk 1:30:54]} 8. Be3 {[%clk 1:21:55]} Be7
{[%clk 1:31:05]} 9. Kh1 {[%clk 1:15:51]} O-O {[%clk 1:31:00]} 10. f4
{[%clk 1:08:34]} d6 {[%clk 1:31:20]} 11. Bf3 {[%clk 1:03:33]} Na5
{[%clk 1:23:44]} 12. Qe1 {[%clk 0:50:42]} Nc4 {[%clk 1:24:02]} 13. Bc1
{[%clk 0:41:43]} e5 {[%clk 1:23:09]} 14. Nf5 {[%clk 0:39:33]} Bxf5
{[%clk 1:23:01]} 15. exf5 {[%clk 0:37:25]} Rac8 {[%clk 1:19:50]} 16. g4
{[%clk 0:31:35]} Rfe8 {[%clk 0:56:46]} 17. g5 {[%clk 0:30:46]} Nd7
{[%clk 0:53:30]} 18. Nd5 {[%clk 0:25:59]} Qd8 {[%clk 0:53:19]} 19. f6
{[%clk 0:22:25]} gxf6 {[%clk 0:47:53]} 20. Be4 {[%clk 0:20:44]} Nf8
{[%clk 0:41:23]} 21. Qh4 {[%clk 0:18:13]} f5 {[%clk 0:23:34]} 22. Bxf5
{[%clk 0:16:01]} Rc5 {[%clk 0:24:03]} 23. Nf6+ {[%clk 0:15:21]} Bxf6
{[%clk 0:24:24]} 24. gxf6 {[%clk 0:15:45]} Ng6 {[%clk 0:24:34]} 25. Bxg6
{[%clk 0:14:47]} fxg6 {[%clk 0:21:53]} 26. f5 {[%clk 0:14:37]} gxf5
{[%clk 0:21:01]} 27. Rxf5 {[%clk 0:13:02]} e4 {[%clk 0:19:13]} 28. f7+
{[%clk 0:13:04]} 1-0

[Event "MP do lat 18 - dziewczeta"]
[Site "Sypniewo"]
[Date "2022.03.19"]
[Round "1.6"]
[White "Adamczyk, Zuzanna"]
[Black "Wojtas, Julia"]
[Result "1-0"]
[BlackElo "1560"]
[WhiteElo "1889"]
[LiveChessVersion "1.4.8"]

1. d4 {[%clk 1:30:57]} Nf6 {[%clk 1:30:45]} 2. c4 {[%clk 1:31:18]} g6
{[%clk 1:31:09]} 3. Nc3 {[%clk 1:31:36]} Bg7 {[%clk 1:31:22]} 4. e4
{[%clk 1:31:47]} d6 {[%clk 1:31:35]} 5. Nf3 {[%clk 1:31:58]} O-O {[%clk 1:31:28]}
6. Be2 {[%clk 1:32:07]} Nc6 {[%clk 1:27:42]} 7. Be3 {[%clk 1:31:05]} e5
{[%clk 1:25:48]} 8. d5 {[%clk 1:30:42]} Ne7 {[%clk 1:24:40]} 9. Nd2
{[%clk 1:31:02]} Nd7 {[%clk 1:23:23]} 10. f3 {[%clk 1:25:51]} f5 {[%clk 1:18:57]}
11. b4 {[%clk 1:20:22]} f4 {[%clk 1:08:43]} 12. Bf2 {[%clk 1:20:36]} g5
{[%clk 1:05:41]} 13. c5 {[%clk 1:11:31]} Nf6 {[%clk 0:58:37]} 14. Nc4
{[%clk 1:04:40]} Ne8 {[%clk 0:42:53]} 15. Qb3 {[%clk 0:55:33]} Ng6
{[%clk 0:33:59]} 16. O-O-O {[%clk 0:39:09]} Rf7 {[%clk 0:30:38]} 17. Na5
{[%clk 0:29:03]} Bf8 {[%clk 0:24:35]} 18. Na4 {[%clk 0:20:33]} Rg7
{[%clk 0:14:50]} 19. b5 {[%clk 0:16:53]} Kh8 {[%clk 0:13:52]} 20. Qc3
{[%clk 0:11:12]} h5 {[%clk 0:11:56]} 21. h3 {[%clk 0:10:02]} c6 {[%clk 0:09:06]}
22. dxc6 {[%clk 0:09:01]} bxc6 {[%clk 0:04:15]} 23. Nxc6 {[%clk 0:08:57]} Qc7
{[%clk 0:04:26]} 24. cxd6 {[%clk 0:05:12]} Bxd6 {[%clk 0:04:42]} 25. Kb2
{[%clk 0:02:45]} Bd7 {[%clk 0:03:41]} 26. Rc1 {[%clk 0:02:10]} Bxc6
{[%clk 0:02:59]} 27. Qxc6 {[%clk 0:02:11]} Qd8 {[%clk 0:02:08]} 28. Rhd1
{[%clk 0:01:51]} Rc7 {[%clk 0:01:22]} 29. Rxd6 {[%clk 0:01:20]} Nxd6
{[%clk 0:00:50]} 30. Qxc7 {[%clk 0:01:43]} Qf8 {[%clk 0:00:38]} 31. Bc5
{[%clk 0:01:38]} Rd8 {[%clk 0:00:36]} 32. Kb1 {[%clk 0:01:14]} Qf6
{[%clk 0:00:49]} 33. Rd1 {[%clk 0:01:17]} 1-0

[Event "MP do lat 18 - dziewczeta"]
[Site "Sypniewo"]
[Date "2022.03.19"]
[Round "1.7"]
[White "Bienko, Jagoda"]
[Black "Marcinczyk, Monika"]
[Result "0-1"]
[BlackElo "1865"]
[WhiteElo "1551"]
[LiveChessVersion "1.4.8"]

1. c4 {[%clk 1:30:57]} e5 {[%clk 1:30:51]} 2. Nc3 {[%clk 1:31:17]} Nf6
{[%clk 1:31:12]} 3. Nf3 {[%clk 1:31:31]} Nc6 {[%clk 1:31:30]} 4. e3
{[%clk 1:31:42]} d5 {[%clk 1:28:18]} 5. cxd5 {[%clk 1:32:00]} Nxd5
{[%clk 1:28:44]} 6. Bb5 {[%clk 1:32:18]} Nxc3 {[%clk 1:19:47]} 7. bxc3
{[%clk 1:27:15]} Qd6 {[%clk 1:15:02]} 8. d4 {[%clk 1:19:07]} a6 {[%clk 1:05:04]}
9. Be2 {[%clk 1:04:31]} Be7 {[%clk 0:51:47]} 10. O-O {[%clk 0:51:08]} O-O
{[%clk 0:48:15]} 11. Nd2 {[%clk 0:40:47]} Be6 {[%clk 0:27:21]} 12. Nc4
{[%clk 0:33:17]} Qd5 {[%clk 0:24:28]} 13. dxe5 {[%clk 0:28:03]} b5
{[%clk 0:21:01]} 14. Qxd5 {[%clk 0:24:10]} Bxd5 {[%clk 0:21:21]} 15. Nd2
{[%clk 0:24:29]} Nxe5 {[%clk 0:21:06]} 16. e4 {[%clk 0:24:16]} Bc6
{[%clk 0:16:51]} 17. f4 {[%clk 0:21:31]} Nd7 {[%clk 0:16:13]} 18. c4
{[%clk 0:13:30]} b4 {[%clk 0:15:37]} 19. Bb2 {[%clk 0:12:12]} Rfe8
{[%clk 0:13:33]} 20. Bf3 {[%clk 0:07:32]} Bc5+ {[%clk 0:12:05]} 21. Kh1
{[%clk 0:07:56]} Be3 {[%clk 0:06:25]} 22. Rad1 {[%clk 0:04:22]} Nb6
{[%clk 0:05:08]} 23. e5 {[%clk 0:01:33]} Bxf3 {[%clk 0:04:27]} 24. Rxf3 Bxd2
{[%clk 0:04:16]} 25. Rxd2 {[%clk 0:01:46]} Nxc4 {[%clk 0:04:21]} 26. Rc2
{[%clk 0:02:07]} Rad8 {[%clk 0:03:37]} 27. g3 {[%clk 0:01:06]} Nxb2
{[%clk 0:03:56]} 28. Rxb2 {[%clk 0:01:31]} c5 {[%clk 0:03:48]} 29. Re3
{[%clk 0:00:49]} Rd4 {[%clk 0:02:23]} 30. Kg2 {[%clk 0:00:59]} a5
{[%clk 0:02:26]} 31. Kf3 {[%clk 0:01:04]} g6 {[%clk 0:01:49]} 32. g4
{[%clk 0:01:29]} c4 {[%clk 0:01:48]} 33. f5 {[%clk 0:00:45]} c3 {[%clk 0:01:23]}
34. Rbe2 {[%clk 0:00:55]} Rc4 {[%clk 0:01:00]} 35. Rc2 {[%clk 0:01:07]} Kf8
{[%clk 0:01:07]} 36. Re4 {[%clk 0:01:23]} Rec8 {[%clk 0:01:17]} 37. e6
{[%clk 0:01:14]} fxe6 {[%clk 0:01:12]} 38. Rxe6 {[%clk 0:01:10]} gxf5
{[%clk 0:01:07]} 39. Rf6+ {[%clk 0:01:10]} Kg7 {[%clk 0:01:07]} 40. Rxf5
{[%clk 0:31:34]} R8c5 {[%clk 0:30:53]} 41. Rxc5 {[%clk 0:29:44]} Rxc5
{[%clk 0:31:19]} 42. Ke3 {[%clk 0:28:27]} Kf6 {[%clk 0:27:17]} 43. Kd4
{[%clk 0:21:40]} Rc7 {[%clk 0:26:59]} 44. h4 {[%clk 0:17:50]} Rd7+
{[%clk 0:25:58]} 45. Ke3 {[%clk 0:16:34]} Rd1 {[%clk 0:15:55]} 46. Rf2+
{[%clk 0:07:27]} Ke6 {[%clk 0:14:49]} 47. Rc2 {[%clk 0:04:51]} a4
{[%clk 0:12:14]} 48. Ke2 {[%clk 0:02:20]} Rh1 {[%clk 0:10:48]} 0-1

[Event "MP do lat 18 - dziewczeta"]
[Site "Sypniewo"]
[Date "2022.03.19"]
[Round "1.8"]
[White "Kroliczek, Gabriela"]
[Black "Jedrzejko, Martyna"]
[Result "1-0"]
[BlackElo "1517"]
[WhiteElo "1823"]
[LiveChessVersion "1.4.8"]

1. e4 {[%clk 1:30:58]} c5 {[%clk 1:30:53]} 2. Nf3 {[%clk 1:31:24]} Nc6
{[%clk 1:31:15]} 3. Bb5 {[%clk 1:31:51]} g6 {[%clk 1:31:24]} 4. Bxc6
{[%clk 1:32:17]} bxc6 {[%clk 1:31:29]} 5. O-O {[%clk 1:32:06]} d5
{[%clk 1:28:22]} 6. d3 {[%clk 1:30:51]} Bg7 {[%clk 1:28:29]} 7. h3
{[%clk 1:27:49]} e6 {[%clk 1:24:09]} 8. Re1 {[%clk 1:25:12]} Ne7 {[%clk 1:23:13]}
9. Nc3 {[%clk 1:22:04]} O-O {[%clk 1:21:52]} 10. Rb1 {[%clk 1:16:59]} Ba6
{[%clk 1:04:30]} 11. Bf4 {[%clk 1:15:00]} h6 {[%clk 0:46:00]} 12. h4
{[%clk 1:07:11]} Kh7 {[%clk 0:45:05]} 13. Na4 {[%clk 0:54:55]} c4
{[%clk 0:39:42]} 14. Nc5 {[%clk 0:52:06]} Qc8 {[%clk 0:38:35]} 15. Bd6
{[%clk 0:46:04]} Re8 {[%clk 0:37:46]} 16. Qd2 {[%clk 0:43:42]} dxe4
{[%clk 0:28:01]} 17. dxe4 {[%clk 0:42:44]} Bf8 {[%clk 0:16:35]} 18. Qa5
{[%clk 0:41:23]} Bb7 {[%clk 0:15:08]} 19. Ne5 {[%clk 0:40:56]} Kg7
{[%clk 0:12:01]} 20. Nxc4 {[%clk 0:40:50]} Rd8 {[%clk 0:09:47]} 21. Be5+
{[%clk 0:36:26]} Kg8 {[%clk 0:07:14]} 22. Nd6 {[%clk 0:34:23]} Rxd6
{[%clk 0:07:31]} 23. Bxd6 {[%clk 0:34:49]} a6 {[%clk 0:05:25]} 24. Qb6
{[%clk 0:34:11]} 1-0

[Event "MP do lat 18 - dziewczeta"]
[Site "Sypniewo"]
[Date "2022.03.19"]
[Round "1.9"]
[White "Wawrzyniak, Weronika"]
[Black "Zarebska, Lena"]
[Result "1/2-1/2"]
[BlackElo "1809"]
[WhiteElo "1493"]
[LiveChessVersion "1.4.8"]

1. e4 {[%clk 1:30:53]} e5 {[%clk 1:30:13]} 2. Nf3 {[%clk 1:30:49]} Nc6
{[%clk 1:30:37]} 3. Bb5 {[%clk 1:30:46]} a6 {[%clk 1:30:36]} 4. Ba4
{[%clk 1:31:07]} Nf6 {[%clk 1:30:41]} 5. O-O {[%clk 1:31:02]} Nxe4
{[%clk 1:28:15]} 6. Re1 {[%clk 1:29:46]} Nc5 {[%clk 1:27:24]} 7. Bxc6
{[%clk 1:28:09]} dxc6 {[%clk 1:27:03]} 8. Nxe5 {[%clk 1:26:49]} Ne6
{[%clk 1:25:26]} 9. Nc3 {[%clk 1:18:58]} Bd6 {[%clk 1:21:21]} 10. d4
{[%clk 1:12:07]} O-O {[%clk 1:21:06]} 11. Be3 {[%clk 1:10:06]} Qh4
{[%clk 1:12:45]} 12. g3 {[%clk 1:01:48]} Qh3 {[%clk 1:08:39]} 13. f4
{[%clk 1:00:48]} f5 {[%clk 0:32:48]} 14. Qd2 {[%clk 0:49:31]} Bxe5
{[%clk 0:24:45]} 15. dxe5 {[%clk 0:49:41]} Rd8 {[%clk 0:22:41]} 16. Qf2
{[%clk 0:49:30]} b6 {[%clk 0:20:17]} 17. Rad1 {[%clk 0:45:24]} Bb7
{[%clk 0:20:25]} 18. Qg2 {[%clk 0:33:13]} Qxg2+ {[%clk 0:15:36]} 19. Kxg2
{[%clk 0:33:41]} c5+ {[%clk 0:15:57]} 20. Kf2 {[%clk 0:33:58]} Nd4
{[%clk 0:15:48]} 21. Bxd4 {[%clk 0:32:15]} cxd4 {[%clk 0:16:10]} 22. Ne2
{[%clk 0:30:03]} c5 {[%clk 0:16:26]} 23. Rd2 {[%clk 0:29:09]} Be4
{[%clk 0:14:24]} 24. Red1 {[%clk 0:26:00]} Kf7 {[%clk 0:11:58]} 25. Nc1
{[%clk 0:24:09]} Ke7 {[%clk 0:05:47]} 26. c3 {[%clk 0:20:53]} dxc3
{[%clk 0:05:14]} 27. bxc3 {[%clk 0:21:22]} Bc2 {[%clk 0:03:16]} 28. Rxd8
{[%clk 0:20:41]} Rxd8 {[%clk 0:03:41]} 29. Rxd8 {[%clk 0:21:07]} Kxd8
{[%clk 0:04:07]} 30. Ke3 {[%clk 0:18:23]} Kd7 {[%clk 0:03:53]} 31. Nd3
{[%clk 0:15:14]} Ke6 {[%clk 0:02:15]} 32. c4 {[%clk 0:13:39]} Bb1
{[%clk 0:01:57]} 33. a4 {[%clk 0:12:10]} a5 {[%clk 0:00:43]} 34. Kd2
{[%clk 0:08:41]} h6 {[%clk 0:00:56]} 35. h4 {[%clk 0:08:19]} Kf7 {[%clk 0:00:42]}
36. Nf2 {[%clk 0:04:34]} Ke6 {[%clk 0:00:48]} 37. Nd3 {[%clk 0:02:08]} Kf7
{[%clk 0:01:04]} 38. Nf2 {[%clk 0:01:50]} Ke6 {[%clk 0:01:27]} 1/2-1/2